| 000 | 00467nam a22001937a 4500 | ||
|---|---|---|---|
| 005 | 20170822174940.0 | ||
| 008 | 130916b xxu||||| |||| 00| 0 eng d | ||
| 020 | _a0521313066 | ||
| 040 |
_aBSU _cBSU |
||
| 082 |
_222 _a616 TAY |
||
| 100 |
_aTaylor,Dennis _914502 |
||
| 245 | _aHuman physical health | ||
| 250 | _a1st ed | ||
| 260 |
_aNew York _bPress syndicate _c1989 |
||
| 300 |
_a4;128p _c24cm |
||
| 650 |
_aHealth _9239 |
||
| 658 | _aMedicine | ||
| 942 |
_2ddc _cBK |
||
| 999 |
_c6711 _d6711 |
||